Language Quiz

Random Language or Numbers Quiz
Score 0/25 Timer 03:00
0 Plays Today
Number Number In French % Correct
twodeux
100%
one une
88.2%
three trois
82.4%
fivecinq
82.4%
sixsix
82.4%
ten dix
82.4%
four quatre
76.5%
seven sept
76.5%
eight huit
76.5%
nineneuf
76.5%
eleven onze
70.6%
fourteen quatorze
58.8%
sixteen seize
58.8%
Number Number In French % Correct
twenty vingt
58.8%
thirteentreize
52.9%
fiveteenquinze
52.9%
seventeendix sept
52.9%
eighteendix huit
52.9%
nineteen Dix neuf
52.9%
twenty one vingt et une
29.4%
twenty twovingt et deux
29.4%
twenty threevingt et trois
29.4%
twenty fourvingt et quatre
29.4%
twenty fivevingt et cinq
29.4%
twelve deuze
11.8%
Come Together.
Have Fun.
All Virtual.
We all need to come together. Play Sporcle's virtual live trivia to have fun, connect with people, and get your trivia on. Join a live hosted trivia game for your favorite pub trivia experience done virtually. If a virtual private party is more your thing, go here for details.

You're not logged in!

Compare scores with friends on all Sporcle quizzes.
OR
Log In

Sporcle TV

Today on Sporcle TV


Watch our educational content, quiz creation guides, and fun videos on Sporcle TV.

Show Comments

Extras

Created Feb 16, 2011ReportNominate
Tags:French Quiz, Numbers Quiz

Top Quizzes Today


Score Distribution

Paid Content

Your Account Isn't Verified!

In order to create a playlist on Sporcle, you need to verify the email address you used during registration. Go to your Sporcle Settings to finish the process.

Report this User

Report this user for behavior that violates our Community Guidelines.

Details: